00720 2200229 4500001002100000005001500021035002000036007000300056008004100059020001800100082002100118084002700139100002100166245010000187260006600287300002800353650001400381650001700395700002000412856003400432990002400466INLIS00000000000856820260625023245 a0010-0626000137ta260625 0 ind  a979-8308-40-9 a631.1:636.2(063) a631.1:636.2(063) SET p0 aSETIADI, Bambang1 aProsiding Lokakarya Nasional Bengkulu, 9-10 September 2003 : Sistem Integrasi Kelapa Sawit-Sapi aJakarta :bBadan Penelitian Dan Pengembangan Pertanian,c2004 a275p :bIlus ;c27.9 cm 4aIntegrasi 4aKelapa Sawit0 aI Wayan Mathius aPerpustakaan BBRMP Jawa Timur a729/2026/BBRMPJATIM